• 首页
  • 本馆介绍
  • 公告通知
  • 最新文献
  • 馆藏检索
  • 电子资源
  • 读者导购
  • 参考咨询
  • 我的图书馆
  • 登录
  • 详细信息显示
  • 放入我的书架
  • 预约/预借图书
  • 作者相关作品
  • 分类相关作品
  • 丛书相关作品
  • 出版社相关作品

书目信息

  • 表格格式
  • 工作单格式
  • 卡片格式
题名:
工业企业会计参考资料
    
 
作者: 王盛祥 编
分册: 上册  
出版信息: 北京   中央广播电视大学出版社  1984
页数: 634页
开本: 19cm
丛书名:
单 册:
中图分类: F406.72
科图分类:
主题词: 工业会计--电视大学--教学参考资料
电子资源:
ISBN:
000 00681nam0 2200241 45
001 0184013750
005 20040429145954.1
010    @dCNY1.65
091    @a4300.4
100    @a19950303d1984 em y0chiy0121 ea
101 0  @achi
102    @aCN@b110000
105    @ay i 000yy
106    @ar
200 10 @a工业企业会计参考资料@h上册@Agong ye qi ye kuai ji can kao zi liao@f王盛祥编
210    @a北京@c中央广播电视大学出版社@d1984
215    @a634页@d19cm
606    @a工业会计@x电视大学@x教学参考资料
690    @aF406.72@v3
701  0 @a王盛祥@Awang sheng xiang@4编
801  0 @aCN@b上海图书馆@c20040429
801  2 @aCN@bNLC@c20040429
905    @f1@b110300@dF406.72@e52:1
    
    工业企业会计参考资料.上册/王盛祥编.-北京:中央广播电视大学出版社,1984
    634页;19cm
    
    
    ISBN :CNY1.65
    
●
相关链接 在E读中查询图书 在五车中查询图书 在当当中查询图书 在豆瓣中查询图书


正题名:工业企业会计参考资料     索取号:F406.72/52:1         预约/预借

序号 登录号 条形码 馆藏地/架位号 状态 备注
1 0110300   000208787   第一借阅区/ [索取号:F406.72/52:1] 在馆    
2 0110301   000208750   第一样本阅览室/ [索取号:F406.72/52:1] 在馆    
唐山师范学院图书馆 欢迎您!
大连网信软件有限公司© 版权所有